| 000 | 00454nam a22001697a 4500 | ||
|---|---|---|---|
| 999 |
_c3882 _d3882 |
||
| 005 | 20241115144659.0 | ||
| 008 | 241115b ||||| |||| 00| 0 eng d | ||
| 020 | _a9781510108660 | ||
| 040 | _cKH8 | ||
| 082 | _aFIC PAV | ||
| 100 |
_aMichelle Paver _eAuthor |
||
| 245 |
_aGhost hunter _cMichelle Paver |
||
| 260 |
_aLondon, _bOrion Children's Books, _c2020 |
||
| 300 |
_a243p. _bilustr. _c20 cm _c20 x 14 x 13 cm |
||
| 650 | _aVolk | ||
| 942 |
_2ddc _cFIC |
||